[Event "HUN-chT2 Barcza 0607"]
[Site "Hungary"]
[Date "2006.11.12"]
[Round "1"]
[White "Menyhart, Tibor"]
[Black "Herman, Tamas"]
[Result "0-1"]
[WhiteElo "2169"]
[BlackElo "2265"]
[PlyCount "112"]
[EventDate "2006.11.12"]
[EventType "team"]
[EventRounds "11"]
[EventCountry "HUN"]
[SourceTitle "EXT 2008"]
[Source "ChessBase"]
[SourceDate "2007.11.25"]
[SourceVersion "1"]
[SourceVersionDate "2007.11.25"]
[SourceQuality "1"]
[WhiteTeam "Debrecen Betu"]
[BlackTeam "Tiszaujvaros"]
[WhiteTeamCountry "HUN"]
[BlackTeamCountry "HUN"]

1. d4 c5 2. d5 Nf6 3. c4 a6 4. Nc3 b5 5. cxb5 axb5 6. Nxb5 Qa5+ 7. Nc3 e6 8. Bd2 Bb7 9. Qb3 Qb4 10. Qc2 Qb6 11. dxe6 fxe6 12. Rc1 Nc6 13. Na4 Qa7 14. Nxc5 Nd4 15. Qc4 Bxc5 16. Qxc5 Qxc5 17. Rxc5 Rxa2 18. f3 0-0 19. Rc1 Nb3 20. Rb1 Rfa8 21. Bc3 Nd5 22. Nh3 Ba6 23. Be5 Ne3 24. Bf4 Nc4 25. Nf2 Rxb2 26. Rxb2 Nxb2 27. g4 Bc4 28. Ne4 d5 29. Nd2 Ra1+ 30. Kf2 Ra2 31. Nxb3 Bxb3 32. Kg3 Nc4 33. Rg1 e5 34. Bc1 Rc2 35. Bg5 h6 36. Bd8 Kf7 37. g5 h5 38. Kh4 g6 39. Bf6 d4 40. Rg3 Ne3 41. Rg1 Rc1 42. Bxe5 Rxf1 43. Rxf1 Nxf1 44. Bxd4 Bd1 45. f4 Bxe2 46. Kh3 Bf3 47. Be5 Ke6 48. Bc7 Kf5 49. Bd6 Ke4 50. Bc7 Kd3 51. Bb6 Be4 52. Ba7 Ke2 53. Bb6 Kf3 54. Bc7 Ne3 55. Kh4 Ng2+ 56. Kh3 Bf5# 0-1

[Event "HUN-chT2 Maroczy 0304"]
[Site "Hungary"]
[Date "2003.09.28"]
[Round "1"]
[White "Seres, Bela"]
[Black "Menyhart, Tibor"]
[Result "1-0"]
[WhiteElo "2284"]
[BlackElo "2169"]
[PlyCount "69"]
[EventDate "2003.09.28"]
[EventType "team"]
[EventRounds "11"]
[EventCountry "HUN"]
[SourceTitle "EXT 2005"]
[Source "ChessBase"]
[SourceDate "2004.11.15"]
[SourceVersion "1"]
[SourceVersionDate "2004.11.15"]
[SourceQuality "1"]

1. e4 e5 2. Nf3 Nc6 3. c3 d5 4. Qa4 dxe4 5. Nxe5 Qd5 6. Nxc6 bxc6 7. Bc4 Qd7 8. 0-0 Nf6 9. d3 exd3 10. Bxd3 Bd6 11. Re1+ Kf8 12. Be2 Qf5 13. Qxc6 Rb8 14. Qf3 Qe5 15. g3 Bb7 16. Qd3 Be4 17. Qd1 Qf5 18. Na3 h5 19. Nc4 Bc5 20. Be3 Bxe3 21. Nxe3 Qg5 22. h4 Qc5 23. Bf3 Kg8 24. Bxe4 Nxe4 25. Qc2 Nf6 26. b4 Qb6 27. a4 g6 28. Nc4 Qb7 29. Re7 Nd5 30. Rd7 Qc6 31. Rxf7 Rh6 32. Qd3 Qe6 33. Rf3 c6 34. Ne3 Ne7 35. Qd4 1-0

[Event "HUN-chT2 Maroczy 0203"]
[Site "Hungary"]
[Date "2003.04.06"]
[Round "10.7"]
[White "Menyhart, Tibor"]
[Black "Hetenyi, Geza"]
[Result "0-1"]
[WhiteElo "2173"]
[BlackElo "2211"]
[PlyCount "153"]
[EventDate "2002.09.22"]
[EventType "team"]
[EventRounds "11"]
[EventCountry "HUN"]
[SourceTitle "EXT 2004"]
[Source "ChessBase"]
[SourceDate "2003.11.25"]
[SourceVersion "1"]
[SourceVersionDate "2003.11.25"]
[SourceQuality "1"]
[WhiteTeam "BIOGAL SE"]
[BlackTeam "Dunaharaszti"]
[WhiteTeamCountry "HUN"]
[BlackTeamCountry "HUN"]

1. d4 Nf6 2. c4 e6 3. Nc3 Bb4 4. Qc2 c5 5. dxc5 Bxc5 6. Bf4 a6 7. a3 0-0 8. Nf3 Nc6 9. e3 b6 10. Be2 Bb7 11. 0-0 Be7 12. Na4 d6 13. h3 Rc8 14. Qb3 Nd7 15. Rfd1 Na5 16. Qa2 Qc7 17. b4 Nc6 18. Qd2 e5 19. Bg5 f6 20. Bh4 Rfe8 21. Nc3 Nf8 22. Nd5 Qd8 23. Rac1 Ng6 24. Bg3 Bf8 25. e4 Nce7 26. Nc3 Nc6 27. Qe3 Nb8 28. Na4 Nd7 29. h4 Nh8 30. h5 Nf7 31. Nh4 Qc7 32. Bg4 Rcd8 33. Bxd7 Qxd7 34. Nxb6 Qg4 35. Nd5 Qxh5 36. f3 Ng5 37. Nc7 Re7 38. Qb6 Rc8 39. Nd5 Rf7 40. Nf5 Qg6 41. Kf2 Rd7 42. Qa7 Rcd8 43. Qe3 Qf7 44. Nb6 Rc7 45. c5 Rc6 46. Nc4 d5 47. Nxe5 Nxe4+ 48. fxe4 fxe5 49. Qg5 Rd7 50. Bxe5 Rg6 51. Qf4 dxe4 52. Nh4 Rg4 53. Qxf7+ Rxf7+ 54. Ke3 Be7 55. c6 Bg5+ 56. Ke2 Bc8 57. g3 Bxc1 58. Rxc1 Rg5 59. Bf4 Rd5 60. Ng2 g5 61. Be3 Rf3 62. Bf2 Rxa3 63. Ne3 Ra2+ 64. Ke1 Rdd2 65. Nd1 Rdc2 66. Rxc2 Rxc2 67. Bc5 Kf7 68. Nf2 Rc4 69. Ke2 Ke6 70. Ke3 Kd5 71. c7 a5 72. Be7 axb4 73. Bxg5 Rc3+ 74. Ke2 Rxc7 75. Bd2 b3 76. Nd1 Rc2 77. Ne3+ 0-1

[Event "HUN-chT2 Maroczy 0203"]
[Site "Hungary"]
[Date "2002.09.22"]
[Round "1.5"]
[White "Menyhart, Tibor"]
[Black "Bognar, Csaba"]
[Result "1/2-1/2"]
[WhiteElo "2173"]
[BlackElo "2143"]
[PlyCount "91"]
[EventDate "2002.09.22"]
[EventType "team"]
[EventRounds "11"]
[EventCountry "HUN"]
[SourceTitle "EXT 2004"]
[Source "ChessBase"]
[SourceDate "2003.11.25"]
[SourceVersion "1"]
[SourceVersionDate "2003.11.25"]
[SourceQuality "1"]
[WhiteTeam "BIOGAL SE"]
[BlackTeam "Foti"]
[WhiteTeamCountry "HUN"]
[BlackTeamCountry "HUN"]

1. d4 Nf6 2. c4 g6 3. Nc3 Bg7 4. e4 d6 5. f4 0-0 6. Nf3 Na6 7. e5 Nd7 8. Be2 c5 9. exd6 exd6 10. d5 Nc7 11. 0-0 f5 12. Be3 Nf6 13. Nd2 Bd7 14. Bf2 a6 15. a4 b6 16. Bh4 Qe7 17. Rf3 Qf7 18. Qb3 Rab8 19. h3 Nh5 20. Bf2 Rfe8 21. Bd3 Bf6 22. Qc2 Qg7 23. Nb3 Re7 24. Re1 Bxc3 25. Rxe7 Qxe7 26. Qxc3 Bxa4 27. g4 fxg4 28. hxg4 Ng7 29. Nd2 Rf8 30. Re3 Qf6 31. Qxf6 Rxf6 32. Bg3 Nce8 33. Ne4 Rf8 34. Ng5 Bd1 35. f5 Bxg4 36. fxg6 hxg6 37. Bxg6 Bf5 38. Bxe8 Nxe8 39. Rb3 b5 40. cxb5 axb5 41. Rxb5 Bg6 42. Rb8 Rf5 43. Ne4 Kg7 44. Nxd6 Nxd6 45. Bxd6 Rxd5 46. Rb6 1/2-1/2